Cultura y política en América Latina (Record no. 62306)
[ view plain ]
| 000 -LEADER | |
|---|---|
| fixed length control field | 00707cam a2200217 4500 |
| 005 - DATE AND TIME OF LATEST TRANSACTION | |
| control field | 20231127150239.0 |
| 008 - FIXED-LENGTH DATA ELEMENTS--GENERAL INFORMATION | |
| fixed length control field | | mx gr 00| 0 spa|d |
| 020 ## - INTERNATIONAL STANDARD BOOK NUMBER | |
| International Standard Book Number | 9682316561 |
| 050 04 - LIBRARY OF CONGRESS CALL NUMBER | |
| Classification number | F1408.3 |
| Item number | C85 1990 |
| 245 00 - TITLE STATEMENT | |
| Title | Cultura y política en América Latina |
| Statement of responsibility, etc | / coordinado por Hugo Zemelman. |
| 250 ## - EDITION STATEMENT | |
| Edition statement | 1a ed. |
| 260 ## - PUBLICATION, DISTRIBUTION, ETC. (IMPRINT) | |
| Place of publication, distribution, etc | México : |
| Name of publisher, distributor, etc | Siglo XXI : |
| -- | Universidad de las Naciones Unidas, |
| Date of publication, distribution, etc | 1990 |
| 300 ## - PHYSICAL DESCRIPTION | |
| Extent | 378 p. ; |
| Dimensions | 23 cm. |
| 440 #0 - SERIES STATEMENT/ADDED ENTRY--TITLE | |
| Title | |
| 490 0# - SERIES STATEMENT | |
| Series statement | Biblioteca América Latina : actualidad y perspectivas |
| 504 ## - BIBLIOGRAPHY, ETC. NOTE | |
| Bibliography, etc | Incluye bibliografías |
| 650 #4 - SUBJECT ADDED ENTRY--TOPICAL TERM | |
| Topical term or geographic name as entry element | Cultura política |
| 651 #4 - SUBJECT ADDED ENTRY--GEOGRAPHIC NAME | |
| Geographic name | América Latina |
| General subdivision | Civilización |
| 700 1# - ADDED ENTRY--PERSONAL NAME | |
| Personal name | Zemelman, Hugo, |
| Relator term | coordinador |
| 942 ## - ADDED ENTRY ELEMENTS (KOHA) | |
| Source of classification or shelving scheme | Biblioteca del Cogreso de los Estados Unidos |
| Koha item type | Libro |
| Estado de pérdida | Fuente de clasificación | Estado del daño | No para préstamo | Ubicación permanente | Ubicación actual | Apartado o colección | Fecha de adquisición | Fuente de adquisición | Edición | Enumeración de Serie / Cronológica | Dependencia de educación superior (DES) | Área del conocimiento | Clasificación | Código de Barras | Date last seen | Número de copia | Costo por reposición | Tipo de recurso |
|---|---|---|---|---|---|---|---|---|---|---|---|---|---|---|---|---|---|---|
| Biblioteca del Cogreso de los Estados Unidos | Biblioteca de la Facultad de Economía | Biblioteca de la Facultad de Economía | General | 23/11/2023 | Unidad Académica | 1a ed. | Ciencias Económico Administrativas | Educación y Humanidades | F1408.3 C85 1990 | BFE000005510 | 04/07/2016 | 2 | 1.00 | Libro | ||||
| Biblioteca del Cogreso de los Estados Unidos | Uso interno Biblioteca | Biblioteca de la Facultad de Economía | Biblioteca de la Facultad de Economía | General | 23/11/2023 | Unidad Académica | 1a ed. | Ciencias Económico Administrativas | Educación y Humanidades | F1408.3 C85 1990 | BFE000005511 | 04/07/2016 | 1 | 1.00 | Libro | |||
| Biblioteca del Cogreso de los Estados Unidos | Biblioteca del Instituto de Investigaciones Históricas | Biblioteca del Instituto de Investigaciones Históricas | General | 18/06/2018 | 1a ed. | Humanidades | Ciencias Sociales y Administrativas | F1408 .3 C85 1990 | IIH000022644 | 18/06/2018 | C:1 | Libro | ||||||
| Biblioteca del Cogreso de los Estados Unidos | Biblioteca del Instituto de Investigaciones Históricas | Biblioteca del Instituto de Investigaciones Históricas | General | 18/06/2018 | 1a ed. | Humanidades | Ciencias Sociales y Administrativas | F1408 .3 C85 1990 | IIH000022645 | 18/06/2018 | C:2 | Libro |